عرض عادي
عرض مارك
- Cerebral palsied children.
مدخل مصطلح موضوعي
001 - رقم الضبط
- حقل الضبط: 64618
003 - معرف رقم الضبط
- حقل الضبط: OSt
005 - تاريخ ووقت أخر عملية
- حقل الضبط: 20180829191905.0
008 - عناصر بيانات ثابتة الطول
- حقل تحكم ثابت الطول: 180829|| aca||aabn | a|a d
040 ## - مصدر الفهرسة
- هيئة الفهرسة الأصلية: OSt
- وكالة الكتابة: OSt
150 ## - مدخل-- مصطلح تاريخي
- عنصر مدخل المصطلح الموضوعي او الاسم الجغرافي: Cerebral palsied children.
670 ## - بيانات المصدر موجوده
- الاستشهاد بالمصدر: Work cat.: (OSt)0: Gross motor function measure (GMFM-66 & GMFM-88) user's manual /, c2002.
